[Event "Titled Tuesday intern op 28th May Early"]
[Site "Chess.com INT"]
[Date "2024.05.28"]
[Round "5"]
[White "Bennett, David Michael"]
[Black "Venkatesan, Kavin"]
[Result "0-1"]
[WhiteElo "2039"]
[BlackElo "2198"]
[PlyCount "76"]
[EventDate "2024.05.28"]
[EventType "swiss (blitz)"]
[EventRounds "11"]
[EventCountry "USA"]
[SourceTitle "EXT 2025"]
[Source "ChessBase"]
[SourceDate "2024.10.14"]
[SourceVersion "1"]
[SourceVersionDate "2024.10.14"]
[SourceQuality "1"]

1. f4 Nf6 2. Nf3 d5 3. b3 c5 4. Bb2 Nc6 5. e3 g6 6. Bb5 Bg7 7. Bxc6+ bxc6 8. Ne5 Qc7 9. Nd3 Qb6 10. 0-0 0-0 11. Nc3 c4 12. Na4 Qb5 13. Ndc5 Nd7 14. Bxg7 Kxg7 15. bxc4 Qxc4 16. d3 Qb5 17. Rb1 Qa5 18. Qe1 Qc7 19. Qc3+ Kg8 20. e4 Nb6 21. f5 Rd8 22. f6 e5 23. Qd2 Qd6 24. Rf3 Nxa4 25. Nxa4 dxe4 26. Qh6 Qf8 27. Qxf8+ Kxf8 28. dxe4 Be6 29. a3 Bc4 30. Nc5 Rd2 31. Rc3 Be2 32. Rb7 Rad8 33. Rcb3 Bc4 34. R3b4 Bb5 35. Rc7 Rd1+ 36. Kf2 R1d2+ 37. Ke3 Rxc2 38. Nb3 Rd3# 0-1

[Event "Titled Tuesday intern op 28th May Early"]
[Site "Chess.com INT"]
[Date "2024.05.28"]
[Round "9"]
[White "Kekic, Armin"]
[Black "Bennett, David Michael"]
[Result "0-1"]
[WhiteElo "2138"]
[BlackElo "2039"]
[PlyCount "82"]
[EventDate "2024.05.28"]
[EventType "swiss (blitz)"]
[EventRounds "11"]
[EventCountry "USA"]
[SourceTitle "EXT 2025"]
[Source "ChessBase"]
[SourceDate "2024.10.14"]
[SourceVersion "1"]
[SourceVersionDate "2024.10.14"]
[SourceQuality "1"]

1. c4 b6 2. Nc3 Bb7 3. Nf3 g6 4. g3 Bxf3 5. exf3 c5 6. Bg2 Nc6 7. 0-0 e6 8. d3 Nge7 9. Ne4 Nf5 10. Bg5 Be7 11. Bf4 d5 12. Nc3 dxc4 13. dxc4 Qxd1 14. Rfxd1 Ncd4 15. Nb5 Nxb5 16. cxb5 Nd4 17. Be5 0-0 18. Bxd4 cxd4 19. Rxd4 Bf6 20. Rd2 Rfc8 21. f4 Rab8 22. Bc6 Rd8 23. Rad1 Kf8 24. a4 Rbc8 25. b4 Rxd2 26. Rxd2 Bc3 27. Rd7 Bxb4 28. Rxa7 Rd8 29. Rb7 Rd1+ 30. Kg2 Ba5 31. Rb8+ Ke7 32. Rh8 h5 33. Re8+ Kf6 34. Rb8 Rd4 35. Rb7 Rd8 36. Kf3 Kg7 37. Ke4 Kf8 38. Ke5 Bc3+ 39. Ke4 Ba5 40. f3 Bc3 41. Rxb6 Rd4+ 0-1

[Event "Titled Tuesday intern op 21st May Early"]
[Site "Chess.com INT"]
[Date "2024.05.21"]
[Round "10"]
[White "Bennett, David Michael"]
[Black "Singh, Siddharth"]
[Result "1-0"]
[WhiteElo "2039"]
[BlackElo "2009"]
[PlyCount "59"]
[EventDate "2024.05.21"]
[EventType "swiss (blitz)"]
[EventRounds "11"]
[EventCountry "USA"]
[SourceTitle "CBM 220 Extra"]
[Source "ChessBase"]
[SourceDate "2024.07.31"]
[SourceVersion "1"]
[SourceVersionDate "2024.07.31"]
[SourceQuality "1"]

1. f4 d5 2. Nf3 Nf6 3. b3 c5 4. Bb2 Nc6 5. e3 Bg4 6. Bb5 e6 7. h3 Bxf3 8. Bxc6+ bxc6 9. Qxf3 Be7 10. g4 0-0 11. d3 c4 12. dxc4 dxc4 13. 0-0 cxb3 14. axb3 Qd5 15. Qe2 Ne4 16. Rd1 Qb5 17. Qg2 Nf6 18. Nd2 Bc5 19. Nc4 Nd5 20. Qe4 Bb6 21. g5 Kh8 22. Qe5 f6 23. gxf6 Rxf6 24. Kh1 Rg8 25. Rg1 Bc7 26. Qh5 Rf5 27. Bxg7+ Rxg7 28. Qe8+ Rf8 29. Qxf8+ Rg8 30. Qxg8# 1-0

[Event "Titled Tuesday intern op 21st May Early"]
[Site "Chess.com INT"]
[Date "2024.05.21"]
[Round "9"]
[White "Hernandez Santos, David Alejandro"]
[Black "Bennett, David Michael"]
[Result "0-1"]
[WhiteElo "1629"]
[BlackElo "2039"]
[PlyCount "72"]
[EventDate "2024.05.21"]
[EventType "swiss (blitz)"]
[EventRounds "11"]
[EventCountry "USA"]
[SourceTitle "CBM 220 Extra"]
[Source "ChessBase"]
[SourceDate "2024.07.31"]
[SourceVersion "1"]
[SourceVersionDate "2024.07.31"]
[SourceQuality "1"]

1. d4 b6 2. Nc3 Bb7 3. Bf4 e6 4. f3 f5 5. Qd2 Nf6 6. 0-0-0 Bb4 7. a3 Bxc3 8. Qxc3 Nd5 9. Qd2 Nxf4 10. Qxf4 0-0 11. e3 Qf6 12. Bd3 Nc6 13. h4 e5 14. Bc4+ Kh8 15. dxe5 Nxe5 16. Bb3 Rad8 17. Ne2 d5 18. Nc3 c6 19. Rhe1 b5 20. Ne2 c5 21. c3 a5 22. Bc2 b4 23. axb4 axb4 24. e4 fxe4 25. Qxf6 gxf6 26. fxe4 dxe4 27. Rxd8 Rxd8 28. Rd1 Ra8 29. cxb4 Nc4 30. bxc5 e3 31. Bb1 Bxg2 32. Rd7 Bf3 33. Rxh7+ Kg8 34. Nf4 Ra1 35. Re7 Kf8 36. Ng6+ Kg8 0-1

[Event "Titled Tuesday intern op 21st May Early"]
[Site "Chess.com INT"]
[Date "2024.05.21"]
[Round "11"]
[White "Ladan, Nicholas John"]
[Black "Bennett, David Michael"]
[Result "1-0"]
[WhiteElo "2171"]
[BlackElo "2039"]
[PlyCount "59"]
[EventDate "2024.05.21"]
[EventType "swiss (blitz)"]
[EventRounds "11"]
[EventCountry "USA"]
[SourceTitle "CBM 220 Extra"]
[Source "ChessBase"]
[SourceDate "2024.07.31"]
[SourceVersion "1"]
[SourceVersionDate "2024.07.31"]
[SourceQuality "1"]

1. d4 b6 2. e4 Bb7 3. Bd3 e6 4. Qe2 d6 5. f4 g6 6. Nf3 Bg7 7. 0-0 Ne7 8. f5 Nbc6 9. c3 gxf5 10. exf5 Qd7 11. Ng5 0-0-0 12. Nxf7 exf5 13. Nxd8 Nxd8 14. Bg5 Re8 15. Nd2 h6 16. Bxe7 Rxe7 17. Qf2 Be4 18. Ba6+ Kb8 19. Rae1 d5 20. Nf3 Bf6 21. Ne5 Bxe5 22. dxe5 Rg7 23. g3 Nf7 24. Qd4 Qe6 25. Rxe4 dxe4 26. Rd1 c5 27. Qd7 Qxd7 28. Rxd7 Nxe5 29. Rxg7 Nf3+ 30. Kf2 1-0

[Event "Titled Tuesday intern op 14th Mar Early"]
[Site "Chess.com INT"]
[Date "2023.03.14"]
[Round "4"]
[White "Miszler, Levente"]
[Black "Bennett, David Michael"]
[Result "1-0"]
[WhiteElo "2260"]
[BlackElo "2029"]
[PlyCount "103"]
[EventDate "2023.03.14"]
[EventType "swiss (blitz)"]
[EventRounds "11"]
[EventCountry "USA"]
[SourceTitle "EXT 2024"]
[Source "ChessBase"]
[SourceDate "2023.10.10"]
[SourceVersion "1"]
[SourceVersionDate "2023.10.10"]
[SourceQuality "1"]

1. d4 d6 2. Nf3 e6 3. g3 Nd7 4. Bg2 Ne7 5. 0-0 g6 6. c4 Bg7 7. Nc3 0-0 8. e4 b6 9. Qc2 Bb7 10. Be3 h6 11. Rad1 a6 12. Nd2 c5 13. Nf3 Qc7 14. Qd2 Kh7 15. b3 Rfd8 16. d5 e5 17. Ne1 Rf8 18. f4 exf4 19. gxf4 f5 20. Kh1 fxe4 21. Bxe4 Nf5 22. Rg1 Rae8 23. Nf3 Nf6 24. Bxf5 gxf5 25. Nh4 Ne4 26. Nxe4 Rxe4 27. Rg3 Qe7 28. Ng6 Qe8 29. Nxf8+ Bxf8 30. Rdg1 b5 31. Qg2 Qf7 32. Bd2 bxc4 33. bxc4 h5 34. Bc3 Rxc4 35. Rd3 Rxc3 36. Rxc3 Bxd5 37. Rf3 Qb7 38. Qg6+ Kh8 39. Qxh5+ Qh7 40. Qxh7+ Kxh7 41. Kg2 Bh6 42. Rd1 Bxf3+ 43. Kxf3 Bf8 44. Rb1 Kg6 45. Rb6 Kf6 46. Rxa6 Ke6 47. Ra8 Be7 48. a4 d5 49. a5 c4 50. a6 c3 51. Rc8 Kd7 52. Rxc3 1-0

[Event "Titled Tuesday intern op 18th Jan"]
[Site "Chess.com INT"]
[Date "2022.01.18"]
[Round "2"]
[White "Bennett, David Michael"]
[Black "Andrejevs, Arvids"]
[Result "0-1"]
[WhiteElo "2029"]
[BlackElo "2224"]
[PlyCount "50"]
[EventDate "2022.01.18"]
[EventType "swiss (blitz)"]
[EventRounds "11"]
[EventCountry "USA"]
[SourceTitle "CBM 206 Extra"]
[Source "ChessBase"]
[SourceDate "2022.03.31"]
[SourceVersion "1"]
[SourceVersionDate "2022.03.31"]
[SourceQuality "1"]

1. f4 e5 2. fxe5 d6 3. exd6 Bxd6 4. Nf3 Bg4 5. e4 Nc6 6. Bb5 Nf6 7. Nc3 0-0 8. 0-0 Bc5+ 9. Kh1 Re8 10. Bxc6 bxc6 11. d3 h6 12. Qe1 Rb8 13. Qg3 Bd6 14. e5 Bxf3 15. exd6 cxd6 16. gxf3 Nh5 17. Qg4 g6 18. Rg1 Kh7 19. Qc4 Qf6 20. Qxc6 Rb6 21. Qd5 Re5 22. Qa8 Re8 23. Qd5 Re5 24. Ne4 Qxf3+ 25. Rg2 Rxd5 0-1